Top 30 : Billie Eilish - Statistiques

Statistiques générales
  • Ce quiz a été pris 288 fois
  • Le résultat moyen est 16 sur 30
Statistiques - réponses
Top Titres Featuring % Correct
1 lovely Khalid
95%
3 bad guy
92%
6 ocean eyes
81%
8 WILDFLOWER
80%
22 Guess Charli xcx
79%
2 BIRDS OF A FEATHER
78%
7 Happier Than Ever
77%
15 CHIHIRO
76%
11 i love you
66%
19 LUNCH
66%
9 What Was I Made For?
64%
4 when the party's over
58%
5 everything i wanted
56%
17 TV
51%
13 bellyache
49%
10 idontwannabeyouanymore
49%
23 No Time To Die
49%
24 all the good girls go to hell
46%
14 bury a friend
45%
16 you should see me in a crown
42%
18 Therefore I Am
41%
30 COPYCAT
40%
21 watch
40%
25 listen before i go
37%
12 Bored
36%
26 my strange addiction
35%
20 wish you were gay
35%
29 hostage
30%
27 my boy
29%
28 bitches broken hearts
10%
Aucun quiz correspondant
Distribution des résultats
% des personnes avec chaque résultat
Percentile par nombre de réponses
Votre historique - résultats
Vous n’avez pas pris ce quiz